000 00503nam a22001817a 4500
005 20251108173519.0
008 250721s2004 xx 000 0 eng d
020 _a749444061
082 1 4 _a174/PAR
100 1 _aParsons, Patricia J
245 1 0 _aEthics in Public Relations : A Guide To Best Practice /
264 _bthe Institute of Public Relations,
_c2004.
300 _a187 p.
650 1 7 _aPUPLIC RELATION
650 1 7 _aPUPLIC RELATION - MANAGEMENT
942 _2ddc
_cBK
999 _c105719
_d105719